000 00721nam a22002057a 4500
008 140521b xxu||||| |||| 00| 0 ger d
020 _a3901113029
041 0 _ager
080 _a378
100 _aBast, Geral; Vodrazka, Karl;
245 1 0 _aUniversität und drittmittel :
_cGeral Bast, Karl Vodrazka;
260 _aWien:
_bApple Macintosh;
_c1990.
300 _a463 f.:
_bme il.;
_c20 cm.
500 _aVorwort des bundesministers fur wissenschaft und forschung: f. I-III
500 _aVorwort des vorsitzenden der osterreichischen rektorenkonferenz: f. V-VI
500 _aVorwort des projektleiters: f. VII-X
650 0 _aFinancimi ndërkombätarä
650 0 _2Arsimi
942 _2udc
_cBK
999 _c461
_d461